Változatlan értékek egy változó oktatási rendszerben

Bibliographic Details
Main Author: Csécsi Izabella
Other Authors: Thuma Dr. Orsolya
Format: Thesis
Kulcsszavak:Szociológia
Gyermeklélektan
Pedagógia
Kutatás
Jó tanár
Online Access:http://dolgozattar.uni-bge.hu/15888

MARC

LEADER 00000nta a2200000 i 4500
001 dolg15888
005 20181115153444.0
008 180511suuuu hu om 000 hun d
040 |a BGE Dolgozattár Repozitórium  |b hun 
041 |a hu 
100 1 |a Csécsi Izabella 
245 1 0 |a Változatlan értékek egy változó oktatási rendszerben  |c Csécsi Izabella  |h [elektronikus dokumentum] 
695 |a Szociológia 
695 |a Gyermeklélektan 
695 |a Pedagógia 
695 |a Kutatás 
695 |a Jó tanár 
700 1 |a Thuma Dr. Orsolya  |e ths 
856 4 0 |u http://dolgozattar.uni-bge.hu/15888/1/Szakdolgozat%20teljes%2005.08..pdf  |z Dokumentum-elérés